| 000 | 00937nam a22001817a 4500 | ||
|---|---|---|---|
| 999 |
_c62453 _d62453 |
||
| 003 | Ge_BSU | ||
| 005 | 20241108163109.0 | ||
| 008 | 241108s2000 ge ||||| |||| 00| 0 geo d | ||
| 041 | _ageo | ||
| 080 | _a616-07(075.8) ჭ-34 | ||
| 100 |
_aჭელიძე, კ. _923659 |
||
| 245 |
_aშინაგან დაავადებათა სიმპტომატიკა : _bსასწ. სახელმძღვ. უმაღ. სამედ. სასწ. სტუდ.-თვის / _c რედ.: ნოდარ ემუხვარი; თბილ. სახელმწ. სამედ. უნ-ტი. |
||
| 264 |
_aთბ. : _bმთაწმინდელი, _c2000. |
||
| 300 |
_a128 გვ. : _bსურ. ; _c26 სმ. |
||
| 653 | _aშინაგანი დაავადებების სიმპტომატიკა | ||
| 653 | _aმედიცინა | ||
| 942 |
_2udc _cᲬᲘᲒᲜᲘ |
||